000 00548nam a2200193Ia 4500
008 180523s9999 xx 000 0 und d
020 _a978-81-7245-468-5
050 _aREF PC 1121
050 _b.V37
100 _aVarma, Rashmi
245 0 _aItalian made easy /
245 0 _cby Rashmi Varma, Diego A. Agundez.
260 _aNew Delhi, India :
260 _bGoodwill Publishing House,
300 _a200 pages:
300 _billustrations ;
300 _c22 cm.
650 _aItalian language -- Conversation and phrase books -- English.
999 _c357883
_d357883